| 000 | 00000nam##2200000za#4500 |
| 001 | 9.649813 |
| 003 | CaOODSP |
| 005 | 20210615113939 |
| 007 | ta |
| 008 | 150407|2005||||xxc||||| f|0| 0 eng|d |
| 020 | |a0-662-41195-1 |
| 040 | |aCaOODSP|beng |
| 043 | |an-cn--- |
| 086 | 1 |aH128-1/05-432E |
| 110 | 1 |aCanada. |bHealth Canada. |bHealthy Environments and Consumer Safety Branch. |
| 245 | 10|aProposed residential indoor air quality guidelines for formaldehyde / |cauthor: Nicolas Gilbert. |
| 260 | |aOttawa - Ontario : |bHealth Canada. |cAugust 2005. |
| 300 | |avii, 31p. : |breferences, tables, photographs ; |c28 cm. |
| 520 | 3 |aIn the 1980s, Health Canada and the Federal-Provincial Advisory Committee on Occupational and Environmental Health (CEOH) developed a series of indoor air quality guidelines that were published in 1987 in a report entitled Exposure Guidelines for Residential Indoor Air Quality (CEOH 1989). However, since then, a significant amount of research has been carried out and published on the health effects of some of these substances, warranting a reassessment of the scientific basis of the guidelines and potentially a revision of the guidelines themselves. The purpose of this document is to revisit the guidelines developed for formaldehyde in view of epidemiological and toxicological studies published since 1987. |
| 563 | |aSoftcover |
| 590 | |a06-39|b2006-09-29 |
| 690 | 07|aAir quality|2gcpds |
| 720 | 1 |aGilbert, Nicolas |
| 775 | 08|tProposition de valeurs-guides pour le formaldéhyde dans l'air intérieur résidentiel / |w(CaOODSP)9.682961 |
| 776 | 0#|tProposed residential indoor air quality guidelines for formaldehyde / |w(CaOODSP)9.688883 |